000 00422nam a22001697a 4500
003 NUST - PNEC
005 20170116180959.0
008 150907b xxu||||| |||| 00| 0 eng d
020 _a013322760X
040 _cLIBRARY
082 0 0 _a621.3815324 HAY
100 1 _aHaykin, Simon S.,
245 1 0 _aAdaptive filter theory
_cSimon Haykin.
250 _a3rd ed.
650 0 _aAdaptive filters.
_xMIS, ME
942 _2ddc
_cBK
999 _c66627
_d66627